书目信息 |
| 题名: |
永远跟党走
|
|
| 作者: | ||
| 分册: | ||
| 出版信息: | 北京 人民日报出版社 2021.01 |
|
| 页数: | 180页 | |
| 开本: | 22cm | |
| 丛书名: | 百年大党 | |
| 单 册: | ||
| 中图分类: | D261.42 | |
| 科图分类: | ||
| 主题词: | ||
| 电子资源: | ||
| ISBN: | 978-7-5115-6426-9 | |
| 000 | 01096nam 2200265 450 | |
| 001 | 202021191909 | |
| 005 | 20211025120131.0 | |
| 010 | @a978-7-5115-6426-9@dCNY68.00 | |
| 100 | @a20210922d2021 em y0chiy50 ea | |
| 101 | 0 | @achi |
| 102 | @aCN@b110000 | |
| 105 | @aag z 000yy | |
| 106 | @ar | |
| 200 | 1 | @a永远跟党走@Ayong yuan gen dang zou@e党员纪念册 |
| 210 | @a北京@c人民日报出版社@d2021.01 | |
| 215 | @a180页@c图, 乐谱@d22cm | |
| 225 | 2 | @a百年大党@Abai nian da dang |
| 314 | @a版权页题: 《永远跟党走: 党员纪念册》编辑组编 | |
| 330 | @a本书是为共产党员设计的纪念册, 分为七个章节: 时刻准备着、我的第一个政治生日、感恩家庭、做学习型党员、政治生日、红色足迹及附录。内容包括入党誓词、党旗党徽、国歌、党员权利与义务、廉洁自律准则等基本知识, 还包括参加社会活动的记录、学习感悟笔记、家训家规、谈心谈话记录、参观爱国主义教育基地记录等内容。 | |
| 410 | 0 | @12001 @a百年大党 |
| 517 | 1 | @a党员纪念册@Adang yuan ji nian ce |
| 601 | 02 | @a中国共产党@Azhong guo gong chan dang@x党员@j学习参考资料 |
| 690 | @aD261.42@v5 | |
| 801 | 0 | @aCN@c20210909 |
| 905 | @a河南城建学院图书馆@dD261.42@eY652 | |
| 永远跟党走:党员纪念册.-北京:人民日报出版社,2021.01 |
| 180页:图, 乐谱;22cm.-(百年大党) |
| ISBN 978-7-5115-6426-9:CNY68.00 |
| 本书是为共产党员设计的纪念册, 分为七个章节: 时刻准备着、我的第一个政治生日、感恩家庭、做学习型党员、政治生日、红色足迹及附录。内容包括入党誓词、党旗党徽、国歌、党员权利与义务、廉洁自律准则等基本知识, 还包括参加社会活动的记录、学习感悟笔记、家训家规、谈心谈话记录、参观爱国主义教育基地记录等内容。 |
| ● |
| 相关链接 |
|
|
|
正题名:永远跟党走
索取号:D261.42/Y652
 
预约/预借
| 序号 | 登录号 | 条形码 | 馆藏地/架位号 | 状态 | 备注 |
| 1 | 1540853 | 215408538 | 社科库509/509社科库 69排5列6层/ [索取号:D261.42/Y652] | 在馆 | |
| 2 | 1540854 | 215408547 | 社科库509/509社科库 69排5列6层/ [索取号:D261.42/Y652] | 在馆 |